Canis by picture - Statistics

General Stats
  • This quiz has been taken 24 times
  • The average score is 4 of 8
Answer Stats
Picture Answer % Correct
Gray wolf
100%
Dog
95%
Coyote
84%
Red wolf
42%
Eastern wolf
26%
Ethiopian wolf
26%
Golden Jackal
26%
African wolf
21%
No matching quizzes found
Score Distribution
Percent of People with Each Score
Percentile by Number Answered
Your Score History
You have not taken this quiz